[Event "New Delhi Parsvnath op 9th"]
[Site "New Delhi"]
[Date "2011.01.08"]
[Round "1"]
[White "Anilkumar, OT."]
[Black "Navin, Kanna TU"]
[Result "0-1"]
[WhiteElo "2245"]
[BlackElo "2383"]
[PlyCount "88"]
[EventDate "2011.01.08"]
[EventType "swiss"]
[EventRounds "11"]
[EventCountry "IND"]
[SourceTitle "CBM 140 Extra"]
[Source "ChessBase"]
[SourceDate "2011.03.01"]
[SourceVersion "1"]
[SourceVersionDate "2011.03.01"]
[SourceQuality "1"]

1. g3 Nf6 2. Bg2 e5 3. d3 d5 4. Nd2 Nc6 5. e4 dxe4 6. dxe4 Bc5 7. c3 Be6 8. Qe2 a5 9. Ngf3 0-0 10. 0-0 h6 11. Nc4 Nd7 12. Ne3 Re8 13. Rd1 Bf8 14. Nd5 Ne7 15. Be3 Nxd5 16. exd5 Bg4 17. h3 Bh5 18. g4 Bg6 19. Qb5 f5 20. b4 axb4 21. cxb4 fxg4 22. hxg4 e4 23. Nd4 Bd6 24. Ne6 Qe7 25. g5 Nf8 26. a3 Nxe6 27. dxe6 Qxe6 28. gxh6 gxh6 29. Rac1 Qe5 30. Qxb7 Rxa3 31. Qd5+ Qxd5 32. Rxd5 Rb8 33. b5 Rd3 34. Rxd3 exd3 35. Bc6 Kh7 36. f3 Bf5 37. Kf2 Rg8 38. f4 Rf8 39. Kf3 Bb4 40. Kf2 d2 41. Rd1 Rd8 42. Kf3 Kg6 43. Be4 Ba5 44. Rg1+ Kf6 0-1